Yankees who had the highest career batting average - Statistics

General Stats
  • This quiz has been taken 28 times
  • The average score is 5 of 10
Answer Stats
Hint Answer % Correct
.349 Babe Ruth
100%
.310 Derek Jeter
93%
.340 Lou Gehrig
89%
.325 Joe Dimaggio
74%
.309 Robinson Cano
44%
.313 Bill Dickey
41%
.307 Don Mattingly
41%
.313 Wade Boggs
33%
.325 Earle Combs
19%
.311 Bob Meusel
4%
No matching quizzes found
Score Distribution
Percent of People with Each Score
Percentile by Number Answered
Your Score History
You have not taken this quiz